Précis du cours d'économie politique
Gardado en:
| Autor Principal: | |
|---|---|
| Formato: | Libro |
| Idioma: | francés |
| Publicado: |
París
L. Larose et Forcel
1881
|
| Edición: | 2a. ed |
| Subjects: | |
| Tags: |
Engadir etiqueta
Sen Etiquetas, Sexa o primeiro en etiquetar este rexistro!
|
MARC
| LEADER | 00000nam a2200000 a 4500 | ||
|---|---|---|---|
| 001 | UCR4425 | ||
| 003 | CL-VaPUC | ||
| 008 | 980307e18810000FR |||||||||||||||||fre|d | ||
| 082 | 0 | 4 | |a 330 |b CAU |2 21 |
| 100 | 0 | |a Cauwès, Paul |e author |9 404492 | |
| 245 | 1 | 0 | |a Précis du cours d'économie politique |
| 250 | |a 2a. ed | ||
| 300 | |a 2 v | ||
| 942 | |c BK | ||
| 945 | |d 19980307 00:00:00 |a aolguin | ||
| 260 | |a París |b L. Larose et Forcel |c 1881 | ||
| 650 | 0 | |a Economía política |9 255814 | |
| 650 | 7 | |a SOCIEDAD ECONOMICA |2 CL-VaPUC |9 404493 | |
| 650 | 0 | |a Actividad económica |9 404494 | |
| 650 | 0 | |a Producción |9 263680 | |
| 650 | 0 | |a Consumo |9 333893 | |
| 650 | 7 | |a INDUSTRAS |2 CL-VaPUC |9 404495 | |
| 650 | 0 | |a Empleos |9 256830 | |
| 650 | 0 | |a Población |9 257577 | |
| 650 | 0 | |a Sistema monetario |9 371822 | |
| 650 | 0 | |a Sistema financiero |9 337931 | |
| 650 | 0 | |a Crédito |9 256211 | |
| 650 | 7 | |a COMERCIO INTERNACIONAL |2 CL-VaPUC |9 404496 | |
| 650 | 7 | |a ECONOMIA INDUSTRIAL |2 CL-VaPUC |9 315314 | |
| 650 | 7 | |a REPARTICION DE LAS GANANCIAS |2 CL-VaPUC |9 404497 | |
| 650 | 0 | |a Pobreza |9 258652 | |
| 650 | 7 | |a ECONOMIA PUBLICA |2 CL-VaPUC |9 401008 | |
| 650 | 0 | |a Economía financiera |9 359635 | |
| 583 | |a last modification |c 19980307 00:00:00 |k Rodrigo Vera | ||
| 999 | |c 267368 |d 267366 | ||
| 952 | |0 0 |1 0 |4 0 |6 330_000000000000000_CAU_1881 |7 0 |8 X |9 299649 |a BIBDER |b BIBDER |d 2019-11-20 |h v.1 |i 1956841 |o 330 CAU 1881 |p 1956841 |r 2023-01-25 |w 2019-11-20 |y BK_X |k DER | ||
| 952 | |0 0 |1 0 |4 0 |6 330_000000000000000_CAU_1881 |7 0 |8 X |9 299650 |a BIBDER |b BIBDER |d 2019-11-20 |h v.2 |i 1956795 |o 330 CAU 1881 |p 1956795 |r 2023-01-25 |w 2019-11-20 |y BK_X |k DER | ||